which country? - Statistics

General Stats
  • This quiz has been taken 15 times
  • The average score is 5 of 8
Answer Stats
Picture Answer % Correct
Brazil
91%
china
91%
japan
82%
UAE
82%
canada
73%
russia
45%
austrailia
0%
greenland
0%
No matching quizzes found
Score Distribution
Percent of People with Each Score
Percentile by Number Answered
Your Score History
You have not taken this quiz